Geography Quiz

Random Geography or City Quiz

Top 25 Cities of Colombia on a Map Quiz Stats

 Plays Quiz Updated Apr 10, 2018

Challenge
Share
Tweet
Score 0/25 Timer 10:00
5 Plays Today
% Correct
Bogotá
98.2%
Medellín
83.8%
Cali
82.5%
Cartagena
71.7%
Santa Marta
66.4%
Barranquilla
65.3%
Cúcuta
54.2%
Pasto
51.4%
Bello
49.2%
Soledad
48.7%
Ibagué
47.3%
Pereira
46.4%
Bucaramanga
46.3%
% Correct
Neiva
43.2%
Montería
41.6%
Soacha
41.5%
Armenia
39.1%
Villavicencio
34.5%
Buenaventura
33%
Manizales
32.1%
Popayán
31.4%
Valledupar
29.9%
Floridablanca
27.5%
Sincelejo
27.2%
Itagüí
21.5%

You're not logged in!

Compare scores with friends on all Sporcle quizzes.
OR
Log In

You Might Also Like...

Show Comments

Extras

Top Quizzes Today


Score Distribution

Your Account Isn't Verified!

In order to create a playlist on Sporcle, you need to verify the email address you used during registration. Go to your Sporcle Settings to finish the process.

Report this User

Report this user for behavior that violates our Community Guidelines.

Details: